Central Library OPAC University of Rajshahi

Viscometric flows of non-Newtonian fluids : (Record no. 67434)

MARC details
000 -LEADER
fixed length control field 01039nam a2200277 a 4500
001 - CONTROL NUMBER
control field 67434
003 - CONTROL NUMBER IDENTIFIER
rucl marc code BD-RjUL
005 - DATE AND TIME OF LATEST TRANSACTION
control field 20211209081645.0
008 - FIXED-LENGTH DATA ELEMENTS--GENERAL INFORMATION
fixed length control field 850103s1966 gw a b 001 0 eng
035 ## - SYSTEM CONTROL NUMBER
System control number (BD-RjUL)67565
040 ## - CATALOGING SOURCE
Original cataloging agency DLC/ICU
Transcribing agency ICU
Modifying agency DLC
-- BD-RjUL
Language of cataloging eng
041 ## - LANGUAGE CODE
Language code of text/sound track or separate title eng
082 00 - DEWEY DECIMAL CLASSIFICATION NUMBER
Edition number 23
Classification number 532.0533
Author mark and year COV 1966
100 1# - MAIN ENTRY--PERSONAL NAME
Personal name Coleman, Bernard D.
Fuller form of name (Bernard David),
Dates associated with a name 1930-
9 (RLIN) 199811
245 10 - TITLE STATEMENT
Title Viscometric flows of non-Newtonian fluids :
Remainder of title theory and experiment /
Statement of responsibility, etc. B.D. Coleman, H. Markovitz [and] W. Noll.
260 ## - PUBLICATION, DISTRIBUTION, ETC. (IMPRINT)
Place of publication, distribution, etc. Berlin,
-- New York :
Name of publisher, distributor, etc. Springer-Verlag,
Date of publication, distribution, etc. 1966.
300 ## - PHYSICAL DESCRIPTION
Pagination x, 130 p. :
Illustrations ill. ;
Size 24 cm.
490 1# - SERIES STATEMENT
Series statement Springer tracts in natural philosophy,
Volume/sequential designation v. 5
504 ## - BIBLIOGRAPHY, ETC. NOTE
Bibliography, etc Includes Bibliography and index
650 #0 - SUBJECT ADDED ENTRY--TOPICAL TERM
Topical term or geographic name as entry element Viscous flow.
9 (RLIN) 20356
Topical term or geographic name as entry element Continuum mechanics.
9 (RLIN) 199812
700 1# - ADDED ENTRY--PERSONAL NAME
Personal name Markovitz, Hershel,
Dates associated with a name 1921-2006,
Relator term joint author.
Personal name Noll, W.
Fuller form of name (Walter),
Dates associated with a name 1925-
Relator term joint author.
830 #0 - SERIES ADDED ENTRY--UNIFORM TITLE
Uniform title Springer tracts in natural philosophy ;
Volume number/sequential designation v. 5.
942 ## - ADDED ENTRY ELEMENTS (KOHA)
Source of classification or shelving scheme Dewey Decimal Classification
Koha item type Books
Holdings
Lost status Source of classification or shelving scheme Damaged status Not for loan Collection code Permanent Location Current Location Shelving location Date acquired Source of acquisition Cost, normal purchase price Total Checkouts Full call number Date last seen Copy number Koha item type
  Dewey Decimal Classification   Not For Loan Non-fiction Central Library, University of Rajshahi Central Library, University of Rajshahi Reading Room 01/01/1968 Swits and zaitliner 46.00   532.0533 COV 1966 25/03/2017 C-1 Books
  Dewey Decimal Classification     Non-fiction Central Library, University of Rajshahi Central Library, University of Rajshahi   29/07/1971 Zeitlinger 50.00   532.0533 COV 1966 08/05/2017 C-2 Books